000 00589nam a22002057a 4500
005 20210312115058.0
008 210312b ||||| |||| 00| 0 eng d
020 _a9789385756368
040 _aIN-DiNC
_cIN-DiNC
041 _deng
082 _a370.15
_bPRA
100 _aPradhan, Sukanta Kumar
_eauthor
245 _aEducational psychology and educational technology /
_cby Sukanta Kumar Pradhan
250 _a1st ed.
260 _aMeerut:
_bBalaji publications,
_c2019
300 _a256p.
650 _aEducational psychology
650 _aEducational technology
942 _2ddc
_cBK
999 _c11156
_d11156